000 00674nam a2200217 i 4500
001 125440
003 ES-MaACL
005 20250825062609.0
007 t|
008 070611s1931 sp ||||1| spa d
080 _a821.133.1-22"18"
100 1 _aHugo, Victor,
_d1802-1885
_964627
245 1 0 _aTorquemada
_b: drama en cinco actos /
_cVíctor Hugo.
260 _aMadrid :
_bPrensa Moderna,
_c1931.
300 _a80 p. ;
_c17 cm.
490 1 _aEl Teatro moderno ;
_vnúm. 293
500 _aBiblioteca Jacinto Martínez Lacalle.
830 0 3 _aEl teatro moderno (Prensa Moderna)
_vnúm. 293
_9182365
852 _aES-MaACL
_jE-11664
_bR.139695
999 _c125440
_d125440